000 00318nam a22001337a 4500
008 170329b xxu||||| |||| 00| 0 eng d
020 _a0721672888
041 _aeng
080 _23RD
_a616-053.2
100 _a8
101 _aSHM
245 _aA PRACTICE OF ANESTHESIA FOR INFANTS AND CHILDREN
_cCOTE
942 _2udc
_cBK
999 _c8939
_d8939